000 00675nam a2200241Ia 4500
003 OSt
005 20220926014727.0
006 a|||||r|||| 00| 0
007 ta
008 220923b |||||||| |||| 00| 0 eng d
037 _cGeneral Book
040 _aRTL
_cRTL
_beng
041 _2eng
_aeng
082 _aX:89Q8, M2
100 _aBroh Robert A
_9321058
245 0 _aManaging quality for higher profits
_b A guide for b
260 _aNew York
_bMcGraw-Hill USA
_c1982
300 _aviii, 200p.
_ccm.
500 _aAppendix P 191-96
650 _aQuality Control
942 _hX:89Q8, M2
_cGB
_2CC
999 _c629719
_d629719